| 000 | 00655nam a2200229 a 4500 | ||
|---|---|---|---|
| 001 | 50846 | ||
| 003 | BD-RjUL | ||
| 005 | 20211209075556.0 | ||
| 008 | 160828s1964 enka 001 0 eng | ||
| 035 | _a(BD-RjUL)50966 | ||
| 040 |
_aDLC _cScU _dOCoLC _dDLC _dBD-RjUL _beng |
||
| 041 | _aeng | ||
| 082 |
_a513.5 _223 _bANE 1964 |
||
| 100 | 1 | 0 |
_aAnjaneyulu, M. S. R. _9152209 |
| 245 | 1 | 0 |
_aElements of modern pure geometry / _cM. S. R. Anjaneyulu. |
| 260 |
_aLondon : _bAsia Pub. House, _cc1964 |
||
| 300 |
_ax, 166 p. : _bill. ; _c23 cm. |
||
| 500 | _aInclude index | ||
| 650 | 0 |
_aGeometry, Modern _xPlane. _9152210 |
|
| 942 |
_2ddc _cBK |
||
| 999 |
_c50846 _d50846 |
||